000 00974nam a22003377a 4500
001 BR9000154
003 BR-BrBNA
005 20230928093344.0
007 ta
008 230509b bl.||||| |||| 00| 0 por d
040 _aBR-BrBNA
_bpor
_cBiblioteca Nacional de Agricultura
041 _a(Por)
072 _aE70; Q04; Q02
_b8100
_b8957
090 _ 8100 BR9000154
100 1 _aSanchez, L.
110 1 _aFundacao Cargill, Campinas, SP (Brasil)
245 1 _aPescado: materia-prima e processamento
246 1 _a[Fishes: row material and processing]
260 3 _aCampinas, SP (Brasil):
_c1989.
300 _a61 p.
500 _a42 ref.; 14 illus.; 13 tables
650 _aPEIXE
650 _aCLASSIFICACAO DE PRODUTO
650 _aCOMPOSICAO DE ALIMENTO
650 _aVALOR NUTRITIVO
650 _aPRESERVACAO DE ALIMENTO
650 _aARMAZENAMENTO DE ALIMENTO
650 _aFARINHA DE PEIXE
909 _a202309
_bLucia
_c55
_dLucia Elande
942 _cBK
999 _c44509
_d44509